| 000 | 01582cam a22003254a 4500 | ||
|---|---|---|---|
| 999 |
_c18163 _d18163 |
||
| 001 | 13702065 | ||
| 005 | 20161203095146.0 | ||
| 008 | 040827s2004 gaua b 001 0 eng | ||
| 010 | _a 2004020509 | ||
| 020 | _a0865548862 (hardcover : alk. paper) | ||
| 040 |
_aDLC _cDLC _dDLC |
||
| 042 | _apcc | ||
| 050 | 0 | 0 |
_aN6953.R4D87 2004 _bD87 2004 |
| 082 | 0 | 0 | _222 |
| 100 | 1 |
_aDurham, John I., _d1933- |
|
| 245 | 1 | 4 |
_aThe Biblical Rembrandt : _bhuman painter in a landscape of faith / _cJohn I Durham. |
| 246 | 3 | 0 | _aHuman painter in a landscape of faith |
| 250 | _a1st ed. | ||
| 260 |
_aMacon, Ga. : _bMercer University Press, _c2004. |
||
| 300 |
_aviii, 255 p. : _bill. (some col.) ; _c27 cm. |
||
| 504 | _aIncludes bibliographical references and indexes. | ||
| 505 | 0 | _a1. To begin with -- 2. Human painter of the human condition -- 3. Rembrandt's Bible -- 4. Rembrandt's pictures -- 5. Rembrandt's meaning -- 6. Rembrandt's faith -- 7. Rembrandt's diary -- 8. To end with. | |
| 600 | 0 | 0 |
_aRembrandt Harmenszoon van Rijn, _d1606-1669 _xCriticism and interpretation. |
| 600 | 0 | 0 |
_aRembrandt Harmenszoon van Rijn, _d1606-1669 _xReligion. |
| 630 | 0 | 0 |
_aBible _vIllustrations. |
| 856 | 4 | 1 |
_3Table of contents _uhttp://www.loc.gov/catdir/toc/ecip0422/2004020509.html |
| 906 |
_a7 _bcbc _corignew _d1 _eecip _f20 _gy-gencatlg |
||
| 942 |
_2lcc _cBOOKS _hN6953.R4D87 2004 |
||